000 00566nam a2200181Ia 4500
008 151018s9999 xx 000 0 und d
082 _bRBASDV30213
_a891.463
100 _aसुरेश वैद्य
245 _aआम्रपाली
250 _b1
260 _bशब्दसन्मान प्रकाशन पुणे
_c1992
300 _a240
600 _aसुरेश वैद्य
630 _aआम्रपाली
700 _aसुरेश वैद्य
730 _aआम्रपाली
942 _cBOOK
999 _c1029749
_d1029746